[Event "Woerishofen sen 2016"]
[Site "Bad Woerishofen"]
[Date "2016.02.26"]
[Round "1.1"]
[White "Frick, Christoph"]
[Black "Haakert, Karl"]
[Result "1-0"]
[WhiteElo "2224"]
[BlackElo "1855"]
[PlyCount "49"]
[EventDate "2016.02.26"]
[EventType "swiss"]
[EventCountry "GER"]
[WhiteTeam "Bebenhausen SK"]
[BlackTeam "Muelheim SV Turm"]
[WhiteTeamCountry "GER"]
[BlackTeamCountry "GER"]

1. Nc3 d5 2. e4 d4 3. Nce2 e5 4. Ng3 Be6 5. Nf3 Bd6 6. Be2 Nf6 7. Ng5 Qc8 8.
Nxe6 Qxe6 9. O-O O-O 10. d3 Nc6 11. Nf5 Rfe8 12. g3 Bf8 13. f4 g6 14. Nh4 Bg7
15. f5 Qd6 16. g4 Kh8 17. Bd2 a5 18. a3 b5 19. b3 Ra6 20. Qe1 Rb8 21. Qg3 Nd8
22. Qh3 Ng8 23. Nf3 Rba8 24. Ng5 Nf6 25. fxg6 1-0

[Event "Woerishofen sen 2016"]
[Site "Bad Woerishofen"]
[Date "2016.02.26"]
[Round "1.2"]
[White "Klimpel, Siegfried"]
[Black "Okrajek, Alexander"]
[Result "0-1"]
[WhiteElo "1855"]
[BlackElo "2224"]
[PlyCount "38"]
[EventDate "2016.02.26"]
[EventType "swiss"]
[EventCountry "GER"]
[WhiteTeam "Kareth Lappersdorf TSV"]
[BlackTeam "Siegburg SC"]
[WhiteTeamCountry "GER"]
[BlackTeamCountry "GER"]

1. e4 c6 2. d4 d5 3. exd5 cxd5 4. Bd3 Nc6 5. c3 Nf6 6. h3 e5 7. dxe5 Nxe5 8.
Nf3 Bd6 9. Nxe5 Bxe5 10. Nd2 O-O 11. Nf3 Bc7 12. Bg5 Re8+ 13. Kf1 h6 14. Be3
Ne4 15. g4 Ng3+ 16. Kg2 Nxh1 17. Kxh1 Qd6 18. Qd2 Bd7 19. Rg1 d4 0-1

[Event "Woerishofen sen 2016"]
[Site "Bad Woerishofen"]
[Date "2016.02.26"]
[Round "1.3"]
[White "Witte, Manfred"]
[Black "Blutharsch, Walter"]
[Result "1-0"]
[WhiteElo "2210"]
[BlackElo "1854"]
[PlyCount "91"]
[EventDate "2016.02.26"]
[EventType "swiss"]
[EventCountry "GER"]
[WhiteTeam "Hermsdorf VfB"]
[BlackTeam "Sindelfingen VfL"]
[WhiteTeamCountry "GER"]
[BlackTeamCountry "GER"]

1. e4 e5 2. Nf3 Nc6 3. Nc3 Nf6 4. d4 d6 5. dxe5 Nxe5 6. Nxe5 dxe5 7. Qxd8+ Kxd8
8. Bg5 h6 9. O-O-O+ Bd7 10. Bxf6+ gxf6 11. Bc4 Rh7 12. Rd3 Bd6 13. Rf3 Be6 14.
Bxe6 fxe6 15. Rxf6 Ke7 16. Rf3 Rg8 17. g3 a6 18. Kd1 h5 19. h3 Bc5 20. Ke2 b5
21. a4 b4 22. Nb1 Rb8 23. Rd1 Rhh8 24. Rfd3 Bd6 25. Nd2 Rb6 26. Nc4 Rc6 27. b3
Ra8 28. R1d2 Rh8 29. f4 Rxc4 30. bxc4 exf4 31. c5 Be5 32. g4 hxg4 33. hxg4 Rh4
34. g5 Kf7 35. Kf3 Kg6 36. Rg2 Rh1 37. Rd8 Ra1 38. Re8 Kf7 39. Ra8 Rxa4 40. g6+
Kg7 41. Rd8 Ra3+ 42. Kf2 Rc3 43. Rd7+ Kg8 44. Kf1 b3 45. g7 Rg3 46. Rxg3 1-0

[Event "Woerishofen sen 2016"]
[Site "Bad Woerishofen"]
[Date "2016.02.26"]
[Round "1.4"]
[White "Reichwald, Klaus"]
[Black "Gross, Werner"]
[Result "0-1"]
[WhiteElo "1852"]
[BlackElo "2201"]
[PlyCount "76"]
[EventDate "2016.02.26"]
[EventType "swiss"]
[EventCountry "GER"]
[WhiteTeam "Lohhof SC"]
[BlackTeam "Niederkassel SG"]
[WhiteTeamCountry "GER"]
[BlackTeamCountry "GER"]

1. e4 c5 2. Nc3 Nc6 3. Nf3 e6 4. d3 g6 5. g3 Bg7 6. Bg2 Nge7 7. O-O O-O 8. Bf4
d6 9. Rb1 a6 10. Ne2 e5 11. Bg5 h6 12. Bd2 d5 13. Nc3 d4 14. Ne2 b5 15. h3 Be6
16. b3 Qd7 17. Kh2 c4 18. g4 f5 19. exf5 gxf5 20. gxf5 Nxf5 21. Ng3 Nxg3 22.
fxg3 Bd5 23. Qe2 c3 24. Be1 Rae8 25. Nh4 Rxf1 26. Qxf1 Nb4 27. Qe2 Nxa2 28. g4
Nb4 29. Nf5 Bxg2 30. Qxg2 Qd5 31. Qxd5+ Nxd5 32. Nd6 Rf8 33. Bg3 Ne3 34. Rc1
Rf1 35. Rxf1 Nxf1+ 36. Kg2 Ne3+ 37. Kf3 Nxc2 38. Ke2 Na1 0-1

[Event "Woerishofen sen 2016"]
[Site "Bad Woerishofen"]
[Date "2016.02.26"]
[Round "1.5"]
[White "Bhend, Edwin"]
[Black "Hansch, Klaus Michael"]
[Result "1-0"]
[WhiteElo "1624"]
[BlackElo "1850"]
[PlyCount "47"]
[EventDate "2016.02.26"]
[EventType "swiss"]
[EventCountry "GER"]
[WhiteTeam "SUI"]
[BlackTeam "Berlin SC WD"]
[WhiteTeamCountry "SUI"]
[BlackTeamCountry "GER"]

1. b3 d5 2. Bb2 Nf6 3. e3 Bg4 4. Be2 Bxe2 5. Qxe2 c6 6. Nf3 Nbd7 7. O-O e6 8.
c4 Bd6 9. cxd5 cxd5 10. Nc3 O-O 11. d3 e5 12. e4 d4 13. Nb5 Qb6 14. Nxd6 Qxd6
15. Rfc1 Rfc8 16. Ne1 Qe6 17. h3 Nb6 18. f4 Rxc1 19. Rxc1 Rd8 20. Nf3 exf4 21.
Nxd4 Qe8 22. Nf5 Nbd7 23. Rc7 Ne5 24. Ne7+ 1-0

[Event "Woerishofen sen 2016"]
[Site "Bad Woerishofen"]
[Date "2016.02.26"]
[Round "1.6"]
[White "Stokes, Paul C"]
[Black "Weinwurm, Wolfgang"]
[Result "1/2-1/2"]
[WhiteElo "1850"]
[BlackElo "2185"]
[PlyCount "49"]
[EventDate "2016.02.26"]
[EventType "swiss"]
[EventCountry "GER"]
[WhiteTeam "ENG"]
[BlackTeam "AUT"]
[WhiteTeamCountry "ENG"]
[BlackTeamCountry "AUT"]

1. d4 Nf6 2. c4 g6 3. Nf3 Bg7 4. g3 O-O 5. Bg2 d6 6. O-O Nc6 7. Nc3 a6 8. Qd3
Bf5 9. e4 Bg4 10. Be3 Nd7 11. Rac1 Bxf3 12. Bxf3 e5 13. d5 Nd4 14. Bg2 c5 15.
dxc6 bxc6 16. f4 Rb8 17. b3 h5 18. Qd2 Qe7 19. Rcd1 Bf6 20. Ne2 Nxe2+ 21. Qxe2
exf4 22. gxf4 Rfd8 23. Rd2 Bc3 24. Rd3 Bb4 25. Rfd1 1/2-1/2

[Event "Woerishofen sen 2016"]
[Site "Bad Woerishofen"]
[Date "2016.02.26"]
[Round "1.7"]
[White "Krieger, Hermann"]
[Black "Lubberich, Alfred"]
[Result "1-0"]
[WhiteElo "2172"]
[BlackElo "1848"]
[PlyCount "45"]
[EventDate "2016.02.26"]
[EventType "swiss"]
[EventCountry "GER"]
[WhiteTeam "Ludwigshafen SK"]
[BlackTeam "Nettetal SG"]
[WhiteTeamCountry "GER"]
[BlackTeamCountry "GER"]

1. e4 c5 2. Nf3 d6 3. d4 cxd4 4. Nxd4 Nf6 5. Nc3 a6 6. Be2 e5 7. Nb3 Be6 8. O-O
Be7 9. Be3 O-O 10. Kh1 Nbd7 11. f4 exf4 12. Bxf4 Ne5 13. Qd4 Nc6 14. Qd2 d5 15.
e5 Ne4 16. Nxe4 dxe4 17. Qe3 Bf5 18. Rad1 Qc8 19. c3 Bg6 20. Nd2 f5 21. exf6
Bxf6 22. Nxe4 Bxe4 23. Qxe4 1-0

[Event "Woerishofen sen 2016"]
[Site "Bad Woerishofen"]
[Date "2016.02.26"]
[Round "1.8"]
[White "Blosze, Winfried"]
[Black "Daeubler, Heinrich"]
[Result "1-0"]
[WhiteElo "1846"]
[BlackElo "2159"]
[PlyCount "99"]
[EventDate "2016.02.26"]
[EventType "swiss"]
[EventCountry "GER"]
[WhiteTeam "Grossauheim SV"]
[BlackTeam "Haselmuehl SC"]
[WhiteTeamCountry "GER"]
[BlackTeamCountry "GER"]

1. e4 e6 2. d4 d5 3. exd5 exd5 4. Bd3 Nc6 5. Ne2 Bb4+ 6. Bd2 Nf6 7. a3 Bd6 8.
Bg5 h6 9. Bh4 g5 10. Bg3 Nh5 11. Nbc3 Be6 12. Qd2 a6 13. Qe3 Ne7 14. Qf3 Qd7
15. Bxd6 Bg4 16. Qe3 Qxd6 17. h3 Bxe2 18. Nxe2 O-O-O 19. O-O-O f5 20. Qf3 Ng7
21. Rhe1 Kb8 22. Nc3 Ng6 23. g3 Rhf8 24. Re2 h5 25. Rde1 g4 26. Qh1 c6 27. hxg4
hxg4 28. Qh6 Rf7 29. Nd1 Rh8 30. Qg5 Rh5 31. Qd2 Rf8 32. Qa5 Qc7 33. Qb4 a5 34.
Qc5 b6 35. Qc3 Qd6 36. Qb3 Ka7 37. Kb1 b5 38. Qc3 Kb6 39. Qb3 Rfh8 40. c3 a4
41. Qc2 Qf6 42. Ne3 Rf8 43. b3 Ra8 44. bxa4 Rxa4 45. Qb3 Qf8 46. Nxd5+ Ka5 47.
Nb4 Qd6 48. Re6 Nxe6 49. Rxe6 Rh1+ 50. Kb2 1-0

[Event "Woerishofen sen 2016"]
[Site "Bad Woerishofen"]
[Date "2016.02.26"]
[Round "1.9"]
[White "Neese, Hans Joachim"]
[Black "Rueggeberg, Wilhelm"]
[Result "1-0"]
[WhiteElo "2159"]
[BlackElo "1843"]
[PlyCount "77"]
[EventDate "2016.02.26"]
[EventType "swiss"]
[EventCountry "GER"]
[WhiteTeam "Hennef SV"]
[BlackTeam "Saarburg Trier SF"]
[WhiteTeamCountry "GER"]
[BlackTeamCountry "GER"]

1. d4 Nf6 2. Nf3 d5 3. c4 c6 4. Nc3 e6 5. Bg5 Nbd7 6. e3 Bb4 7. cxd5 exd5 8.
Qc2 Qa5 9. Nd2 O-O 10. Bd3 Re8 11. O-O Bf8 12. a3 g6 13. b4 Qd8 14. Rae1 Bg7
15. f3 Nf8 16. Bh4 Re6 17. Nb3 b6 18. e4 dxe4 19. fxe4 Qd7 20. Bc4 Ng4 21. e5
Nh6 22. Ne4 Nf5 23. Bf2 Kh8 24. g4 Nxd4 25. Nxd4 Rxe5 26. h3 f5 27. Ng5 Rxe1
28. Nf7+ Qxf7 29. Bxf7 Re7 30. Bb3 Bb7 31. gxf5 Rd7 32. Qc4 Rd5 33. Nxc6 Bxc6
34. Qxc6 Rdd8 35. f6 Bh6 36. Rd1 Rac8 37. Qf3 g5 38. Rxd8 Rxd8 39. Qh5 1-0

[Event "Woerishofen sen 2016"]
[Site "Bad Woerishofen"]
[Date "2016.02.26"]
[Round "1.10"]
[White "Dallmeier, Gerhard"]
[Black "Kelchner, Hans"]
[Result "0-1"]
[WhiteElo "1841"]
[BlackElo "2157"]
[PlyCount "52"]
[EventDate "2016.02.26"]
[EventType "swiss"]
[EventCountry "GER"]
[WhiteTeam "Weissenfels Roland"]
[BlackTeam "Ludwigshafen SK"]
[WhiteTeamCountry "GER"]
[BlackTeamCountry "GER"]

1. e4 c6 2. d4 d5 3. e5 c5 4. c3 cxd4 5. cxd4 Nc6 6. Nf3 Bg4 7. Be2 Qb6 8. Nc3
e6 9. Na4 Bb4+ 10. Kf1 Qc7 11. a3 Be7 12. Be3 f6 13. exf6 Nxf6 14. Ne1 Bxe2+
15. Qxe2 O-O 16. g3 e5 17. dxe5 Qxe5 18. Nd3 Qe4 19. Rg1 Qxa4 20. Rc1 d4 21.
Bf4 Rae8 22. Qd2 Qb5 23. f3 Nd5 24. Kf2 Nxf4 25. Nxf4 Bg5 26. Rce1 Qf5 0-1

[Event "Woerishofen sen 2016"]
[Site "Bad Woerishofen"]
[Date "2016.02.26"]
[Round "1.11"]
[White "Zunker, Reinhard"]
[Black "Oser, Thor"]
[Result "1-0"]
[WhiteElo "2153"]
[BlackElo "1838"]
[PlyCount "59"]
[EventDate "2016.02.26"]
[EventType "swiss"]
[EventCountry "GER"]
[WhiteTeam "Hofheim SV"]
[BlackTeam "Joehlingen SK"]
[WhiteTeamCountry "GER"]
[BlackTeamCountry "GER"]

1. e4 c5 2. Nf3 Nc6 3. Bb5 Qc7 4. O-O a6 5. Be2 g6 6. c3 Bg7 7. d4 d6 8. Be3 b6
9. Nbd2 Nf6 10. d5 Nd8 11. h3 O-O 12. a4 Nd7 13. Nc4 f6 14. Qd2 Nf7 15. Nh2
Nde5 16. Na3 Re8 17. f4 Nd7 18. Nc4 e6 19. dxe6 Rxe6 20. Qd5 Re8 21. Qxa8 Kf8
22. Qd5 Bb7 23. Qd2 Bxe4 24. Bf3 f5 25. Bxe4 Rxe4 26. Na3 Nf6 27. Rfe1 d5 28.
Nf3 Bh6 29. Ng5 Nd6 30. Bf2 1-0

[Event "Woerishofen sen 2016"]
[Site "Bad Woerishofen"]
[Date "2016.02.26"]
[Round "1.12"]
[White "Kumeth, Hartmut"]
[Black "Hohler, Peter"]
[Result "0-1"]
[WhiteElo "1833"]
[BlackElo "2138"]
[PlyCount "110"]
[EventDate "2016.02.26"]
[EventType "swiss"]
[EventCountry "GER"]
[WhiteTeam "Oldenburg SK"]
[BlackTeam "SUI"]
[WhiteTeamCountry "GER"]
[BlackTeamCountry "SUI"]

1. d4 Nf6 2. Nf3 d6 3. Bf4 Nh5 4. e3 Nxf4 5. exf4 g6 6. Be2 Bg7 7. O-O O-O 8.
Re1 c5 9. c3 Qb6 10. Qb3 Be6 11. Qb5 Qxb5 12. Bxb5 a6 13. Bf1 h6 14. dxc5 dxc5
15. Ne5 Bxe5 16. Rxe5 Rd8 17. Na3 Nd7 18. Re3 Nb6 19. g3 Rd2 20. b4 Nd5 21. Rd3
Rxd3 22. Bxd3 cxb4 23. cxb4 Nxb4 24. Be4 Rb8 25. Rb1 a5 26. Rb2 Bxa2 27. g4 Bd5
28. Bxd5 Nxd5 29. Rb5 Nxf4 30. Rxa5 Rc8 31. h4 Rc1+ 32. Kh2 Ra1 33. Kg3 Ne6 34.
Nc4 Rxa5 35. Nxa5 b5 36. Nc6 Kf8 37. f4 Ng7 38. Kf3 Ke8 39. Ke4 f5+ 40. gxf5
Nxf5 41. Ne5 Nxh4 42. Kd4 e6 43. Kc5 Ke7 44. Kxb5 Kf6 45. Ng4+ Kf5 46. Nxh6+
Kxf4 47. Kc4 e5 48. Kd3 e4+ 49. Ke2 g5 50. Kf2 g4 51. Nxg4 Kxg4 52. Ke3 Kf5 53.
Kf2 Kf4 54. Ke2 e3 55. Kf1 Kf3 0-1

[Event "Woerishofen sen 2016"]
[Site "Bad Woerishofen"]
[Date "2016.02.26"]
[Round "1.13"]
[White "Haubt, Georg"]
[Black "Roth, Heinz Georg"]
[Result "1-0"]
[WhiteElo "2125"]
[BlackElo "1823"]
[PlyCount "57"]
[EventDate "2016.02.26"]
[EventType "swiss"]
[EventCountry "GER"]
[WhiteTeam "Oberursel SV"]
[BlackTeam "Lindau SC"]
[WhiteTeamCountry "GER"]
[BlackTeamCountry "GER"]

1. d4 Nf6 2. Bg5 d6 3. Bxf6 exf6 4. e3 Bf5 5. c4 c6 6. Nc3 Nd7 7. Nge2 Be7 8.
Nf4 g5 9. Nh5 O-O 10. h4 Bg6 11. Bd3 f5 12. hxg5 Bxg5 13. Qf3 Nf6 14. Ng3 Ne4
15. Ngxe4 fxe4 16. Bxe4 Qa5 17. O-O-O Rac8 18. Qh3 f5 19. Bc2 Rc7 20. f4 Bf6
21. g4 Bg7 22. gxf5 Rxf5 23. Bxf5 Bxf5 24. Qh5 Bxd4 25. Qe8+ Kg7 26. Rxd4 Bg6
27. Qe6 Rf7 28. Rxd6 Qc7 29. Rhd1 1-0

[Event "Woerishofen sen 2016"]
[Site "Bad Woerishofen"]
[Date "2016.02.26"]
[Round "1.14"]
[White "Mahrla, Hans"]
[Black "Maes, Valery"]
[Result "0-1"]
[WhiteElo "1820"]
[BlackElo "2110"]
[PlyCount "82"]
[EventDate "2016.02.26"]
[EventType "swiss"]
[EventCountry "GER"]
[WhiteTeam "Eichenau SC"]
[BlackTeam "Krefelder SK Turm"]
[WhiteTeamCountry "GER"]
[BlackTeamCountry "GER"]

1. e4 e6 2. f4 d5 3. e5 c5 4. c3 Nc6 5. Nf3 Nh6 6. Be2 Nf5 7. d3 h5 8. Na3 Be7
9. O-O Bd7 10. Nc2 d4 11. c4 a6 12. a3 b5 13. b3 bxc4 14. bxc4 Na5 15. Rb1 Ba4
16. Nfe1 g6 17. Bf3 Rb8 18. Rxb8 Qxb8 19. Bd2 Bd8 20. Be4 Qb2 21. Bxf5 gxf5 22.
Qa1 Qb7 23. Bxa5 Bxa5 24. Qc1 Qb3 25. Na1 Qc3 26. Qxc3 dxc3 27. Nec2 Ke7 28.
Rb1 Rd8 29. Ne1 Rd7 30. Kf2 f6 31. exf6+ Kxf6 32. g3 c2 33. Naxc2 Bxc2 34. Nxc2
Rxd3 35. Rb2 Rd2+ 36. Kg1 Bc3 37. Ra2 e5 38. fxe5+ Kxe5 39. a4 Ke4 40. Kh1 Re2
41. Kg1 Kd3 0-1

[Event "Woerishofen sen 2016"]
[Site "Bad Woerishofen"]
[Date "2016.02.26"]
[Round "1.15"]
[White "Born, Bernd Ludger"]
[Black "Felger, Karl"]
[Result "1-0"]
[WhiteElo "2105"]
[BlackElo "1813"]
[PlyCount "103"]
[EventDate "2016.02.26"]
[EventType "swiss"]
[EventCountry "GER"]
[WhiteTeam "Pfullingen SF"]
[BlackTeam "Schorndorf Schachmatt"]
[WhiteTeamCountry "GER"]
[BlackTeamCountry "GER"]

1. d4 Nf6 2. g3 d5 3. Nf3 g6 4. Bg2 Bg7 5. c4 c6 6. cxd5 cxd5 7. Nc3 O-O 8. O-O
Nc6 9. Bf4 a6 10. Ne5 Be6 11. Nxc6 bxc6 12. Na4 Nd7 13. Rc1 Rc8 14. Nc5 Nxc5
15. Rxc5 Qb6 16. Qd2 Rfe8 17. Rfc1 f6 18. h4 Bd7 19. b3 e5 20. Be3 Bf8 21. R5c2
e4 22. Rf1 Bf5 23. Qc1 Bd6 24. Qb2 Qa5 25. Bd2 Qb6 26. e3 Bg4 27. Bc3 Qb8 28.
Qc1 Qb5 29. Qd2 Qd3 30. Rfc1 Qb5 31. Bf1 Qb7 32. Ba5 Ba3 33. Rb1 Be7 34. b4 g5
35. hxg5 fxg5 36. Rbc1 h6 37. a3 Kg7 38. Be2 Bd7 39. Qe1 Rf8 40. Qf1 Ra8 41.
Qd1 c5 42. dxc5 Ba4 43. c6 Qc8 44. Qxd5 Bxc2 45. Rxc2 Qf5 46. Qxf5 Rxf5 47. c7
Rff8 48. Bg4 Rac8 49. Bxc8 Rxc8 50. Rc6 h5 51. Rxa6 Kf7 52. b5 1-0

[Event "Woerishofen sen 2016"]
[Site "Bad Woerishofen"]
[Date "2016.02.26"]
[Round "1.16"]
[White "Thielemann, Joachim"]
[Black "Lange, Manfred"]
[Result "0-1"]
[WhiteElo "1811"]
[BlackElo "2098"]
[PlyCount "126"]
[EventDate "2016.02.26"]
[EventType "swiss"]
[EventCountry "GER"]
[WhiteTeam "Eutin SV"]
[BlackTeam "Wuerzburg SV"]
[WhiteTeamCountry "GER"]
[BlackTeamCountry "GER"]

1. e4 e5 2. Nc3 Nf6 3. g3 Bc5 4. Bg2 d6 5. h3 Nc6 6. d3 Be6 7. Nf3 h6 8. Na4
Bb6 9. a3 d5 10. Nxb6 axb6 11. exd5 Nxd5 12. O-O O-O 13. Re1 Qd6 14. Bd2 Rfe8
15. Qe2 f6 16. Rad1 Qd7 17. Kh2 Ra4 18. c4 Nde7 19. Bc3 Nf5 20. Rd2 Qf7 21. Qd1
Raa8 22. g4 Nfe7 23. Rc2 Rad8 24. Qe2 Ng6 25. Bd2 Rd6 26. b4 Red8 27. Rc3 Qd7
28. Bf1 Nd4 29. Nxd4 Rxd4 30. Be3 Nf4 31. Bxf4 Rxf4 32. Qe3 Rd4 33. f3 Bf7 34.
Be2 c6 35. Rf1 Bg6 36. Rd1 Qc7 37. Kg2 h5 38. Qf2 hxg4 39. hxg4 f5 40. gxf5
Bxf5 41. Qe3 R8d6 42. Kf2 Rf6 43. Rg1 c5 44. Qg5 Qe7 45. b5 Rd7 46. Ke1 Qd6 47.
Qe3 Re7 48. Rg5 Qd4 49. Kd2 e4 50. Qxd4 cxd4 51. Rb3 e3+ 52. Kc2 Rc7 53. Kb2
Rc5 54. a4 Bxd3 55. Rxc5 Bxe2 56. Rc8+ Kh7 57. c5 Bc4 58. Ra3 Rxf3 59. cxb6
Rf2+ 60. Ka1 e2 61. Rh3+ Kg6 62. Rg3+ Kf7 63. Rc7+ Kf6 0-1

[Event "Woerishofen sen 2016"]
[Site "Bad Woerishofen"]
[Date "2016.02.26"]
[Round "1.17"]
[White "Lang, Ferdinand"]
[Black "Juenger, Leonhard"]
[Result "1-0"]
[WhiteElo "2097"]
[BlackElo "1807"]
[PlyCount "105"]
[EventDate "2016.02.26"]
[EventType "swiss"]
[EventCountry "GER"]
[WhiteTeam "Willsbach TSV"]
[BlackTeam "Aachener SV"]
[WhiteTeamCountry "GER"]
[BlackTeamCountry "GER"]

1. e4 c5 2. Nc3 Nc6 3. f4 e6 4. Nf3 a6 5. a3 b5 6. Be2 Bb7 7. O-O Nge7 8. Qe1
d5 9. d3 d4 10. Nd1 Qc7 11. Bd2 h6 12. Rc1 g6 13. Qh4 Bg7 14. Nf2 Qd8 15. Qg3
Qd6 16. Nh4 O-O-O 17. e5 Qd5 18. Bf3 Qa2 19. Ra1 Qxb2 20. Rfc1 c4 21. Nd1 c3
22. Nxb2 cxb2 23. Be4 bxa1=Q 24. Rxa1 Rhg8 25. Qe1 g5 26. Nf3 g4 27. Nh4 h5 28.
a4 Nd5 29. axb5 axb5 30. Qb1 b4 31. g3 Bf8 32. Ng2 Be7 33. Qb3 Nc3 34. Bxc3
dxc3 35. Qc4 Rd4 36. Qb5 Rxe4 37. dxe4 Rd8 38. Ne3 Nd4 39. Qc4+ Kb8 40. Rd1
Nf3+ 41. Kf2 Nd2 42. Qb5 Nxe4+ 43. Ke2 Nd2 44. Nc4 b3 45. Na5 Rd7 46. Nxb3 Rd5
47. Qe8+ Bd8 48. Nxd2 Ba6+ 49. Ke1 Bb5 50. Qf8 Rd4 51. Rb1 cxd2+ 52. Kd1 Rd5
53. c4 1-0

[Event "Woerishofen sen 2016"]
[Site "Bad Woerishofen"]
[Date "2016.02.26"]
[Round "1.18"]
[White "Flockerzi, Armin"]
[Black "Rahn, Oskar"]
[Result "0-1"]
[WhiteElo "1806"]
[BlackElo "2091"]
[PlyCount "130"]
[EventDate "2016.02.26"]
[EventType "swiss"]
[EventCountry "GER"]
[WhiteTeam "Koblenz VfR SC"]
[BlackTeam "Frankenthal SK"]
[WhiteTeamCountry "GER"]
[BlackTeamCountry "GER"]

1. d4 Nf6 2. Nf3 d5 3. g3 Bf5 4. Bg2 c6 5. Nbd2 Nbd7 6. c3 e6 7. O-O Be7 8. Re1
O-O 9. b3 h6 10. Bb2 b5 11. Nh4 Bh7 12. Nhf3 Rb8 13. Qc1 Qb6 14. Ba3 c5 15. e3
Rfc8 16. Qd1 b4 17. dxc5 Bxc5 18. cxb4 Bxb4 19. Bxb4 Qxb4 20. Rc1 Qa3 21. Rxc8+
Rxc8 22. Qe2 Qxa2 23. Qb5 Qc2 24. Ra1 Bd3 25. Qb7 Rc7 26. Qa8+ Kh7 27. Qd8 Qc3
28. Nf1 a6 29. h3 Rc8 30. Qa5 Qxb3 31. Ra3 Qb5 32. Qd2 Bc4 33. Nd4 Qb1 34. Rc3
Rb8 35. Rc1 Qd3 36. Qe1 Qa3 37. Nd2 Ne5 38. Nxc4 Nxc4 39. Bf1 Qb4 40. Qd1 Rb6
41. Qc2+ g6 42. Bxc4 Qxc4 43. Qxc4 dxc4 44. Rxc4 Ne4 45. Kg2 Kg7 46. g4 Kf6 47.
h4 Nd6 48. Rc6 Rxc6 49. Nxc6 e5 50. Na5 Ke6 51. f3 Kd5 52. Kf2 Kc5 53. Ke2 Kb5
54. Nb3 Kb4 55. Nc1 a5 56. Kd3 a4 57. Kc2 Nc4 58. Nd3+ Kb5 59. e4 a3 60. Kb3
Nd2+ 61. Kxa3 Nxf3 62. h5 Kc4 63. Nf2 Kd4 64. Kb3 Ke3 65. hxg6 fxg6 0-1

[Event "Woerishofen sen 2016"]
[Site "Bad Woerishofen"]
[Date "2016.02.26"]
[Round "1.19"]
[White "Erhart, Uwe"]
[Black "Rothenhagen, Siegfried"]
[Result "1/2-1/2"]
[WhiteElo "2079"]
[BlackElo "1806"]
[PlyCount "64"]
[EventDate "2016.02.26"]
[EventType "swiss"]
[EventCountry "GER"]
[WhiteTeam "Raisdorfer SG"]
[BlackTeam "Windach SF"]
[WhiteTeamCountry "GER"]
[BlackTeamCountry "GER"]

1. e4 d5 2. exd5 Qxd5 3. Nc3 Qd8 4. d4 Nf6 5. Nf3 Bg4 6. Be2 e6 7. a3 Be7 8.
O-O O-O 9. Ne5 Bxe2 10. Nxe2 Nbd7 11. Nxd7 Qxd7 12. c3 Rad8 13. Bg5 Nd5 14.
Bxe7 Qxe7 15. Qc2 c6 16. Rae1 Rd7 17. Ng3 Nf6 18. Re5 Rd5 19. Rfe1 Rfd8 20. a4
a6 21. Qb3 Qd7 22. h3 Qc7 23. Qc2 c5 24. Rxd5 Rxd5 25. dxc5 Qxc5 26. Rd1 Qd6
27. Rxd5 Qxd5 28. c4 Qc6 29. Qd3 Qd7 30. Qc2 Qc6 31. b4 Kf8 32. f3 Qd6 1/2-1/2

[Event "Woerishofen sen 2016"]
[Site "Bad Woerishofen"]
[Date "2016.02.26"]
[Round "1.20"]
[White "Michalowski, Richard"]
[Black "Heppell, Ian N"]
[Result "1/2-1/2"]
[WhiteElo "1803"]
[BlackElo "2077"]
[PlyCount "29"]
[EventDate "2016.02.26"]
[EventType "swiss"]
[EventCountry "GER"]
[WhiteTeam "Konz Karthaus SF"]
[BlackTeam "ENG"]
[WhiteTeamCountry "GER"]
[BlackTeamCountry "ENG"]

1. c4 e5 2. Nc3 Nc6 3. a3 f5 4. d3 Nf6 5. g3 Be7 6. Bg2 O-O 7. e3 d6 8. Nge2
Qe8 9. O-O Qh5 10. Nd5 Bd8 11. Nec3 Qf7 12. f4 Ne7 13. fxe5 dxe5 14. Nxe7+ Bxe7
15. Nd5 1/2-1/2

[Event "Woerishofen sen 2016"]
[Site "Bad Woerishofen"]
[Date "2016.02.26"]
[Round "1.21"]
[White "Glatthor, Thomas"]
[Black "Dombrowe, Eckehard"]
[Result "1-0"]
[WhiteElo "2071"]
[BlackElo "1793"]
[PlyCount "97"]
[EventDate "2016.02.26"]
[EventType "swiss"]
[EventCountry "GER"]
[WhiteTeam "Hermsdorf VfB"]
[BlackTeam "Nettetal SG"]
[WhiteTeamCountry "GER"]
[BlackTeamCountry "GER"]

1. d4 d5 2. c4 e6 3. g3 Nf6 4. Bg2 Nbd7 5. b3 Be7 6. Nf3 O-O 7. O-O c5 8. e3
dxc4 9. bxc4 Rb8 10. Nc3 b6 11. e4 cxd4 12. Nxd4 Bb7 13. Qe2 Bc5 14. Nb3 Rc8
15. Rd1 h6 16. Nxc5 Rxc5 17. Ba3 Qc8 18. Bxc5 Qxc5 19. Nb5 Ne5 20. Rac1 Ba6 21.
Bf1 Bb7 22. Nd6 Ba6 23. Kg2 Ne8 24. Nxe8 Rxe8 25. f4 Nc6 26. Qf2 Qb4 27. Rb1
Qa4 28. Rbc1 e5 29. Bd3 f6 30. Bb1 Nd4 31. Bd3 Bb7 32. fxe5 fxe5 33. Rf1 Qd7
34. c5 b5 35. a4 bxa4 36. Qa2+ Kh7 37. Rf7 Qg4 38. Qb1 Bc8 39. Rcf1 Qh5 40.
R1f2 Bh3+ 41. Kg1 Bg4 42. Kg2 Qh3+ 43. Kh1 Qh5 44. h4 Bf3+ 45. R7xf3 Nxf3 46.
Be2 Rf8 47. Qf1 Qg4 48. Rxf3 Qxe4 49. Bd3 1-0

[Event "Woerishofen sen 2016"]
[Site "Bad Woerishofen"]
[Date "2016.02.26"]
[Round "1.22"]
[White "Weyand, Fernand"]
[Black "Villing, Dieter"]
[Result "0-1"]
[WhiteElo "1788"]
[BlackElo "2055"]
[PlyCount "48"]
[EventDate "2016.02.26"]
[EventType "swiss"]
[EventCountry "GER"]
[WhiteTeam "Saarbruecken SVG"]
[BlackTeam "Ludwigshafen SK"]
[WhiteTeamCountry "GER"]
[BlackTeamCountry "GER"]

1. e4 c5 2. Nc3 e6 3. g3 Nc6 4. Bg2 Nf6 5. d3 Be7 6. Nge2 O-O 7. O-O d5 8. exd5
exd5 9. d4 Bg4 10. Be3 cxd4 11. Bxd4 Nxd4 12. Qxd4 Qa5 13. Nf4 Bc5 14. Qa4 Bb4
15. Qxa5 Bxa5 16. Ncxd5 Nxd5 17. Bxd5 g5 18. f3 Bf5 19. Nd3 Rac8 20. Bb3 Rfe8
21. f4 Re2 22. fxg5 Bb6+ 23. Nf2 Bh3 24. Rae1 Bxf2+ 0-1

[Event "Woerishofen sen 2016"]
[Site "Bad Woerishofen"]
[Date "2016.02.26"]
[Round "1.24"]
[White "Gerst, Waldemar"]
[Black "Klempt, Guenter"]
[Result "0-1"]
[WhiteElo "1769"]
[BlackElo "2039"]
[PlyCount "38"]
[EventDate "2016.02.26"]
[EventType "swiss"]
[EventCountry "GER"]
[WhiteTeam "Grunbach SC"]
[BlackTeam "Bochumer SV"]
[WhiteTeamCountry "GER"]
[BlackTeamCountry "GER"]

1. e4 c5 2. c4 Nc6 3. Nf3 g6 4. d4 cxd4 5. Nxd4 Bg7 6. Be3 Nf6 7. Nc3 d6 8. Be2
O-O 9. O-O Bd7 10. a3 Re8 11. b4 Ne5 12. Qb3 Neg4 13. h3 Nxe3 14. fxe3 Bh6 15.
Rf3 Qb6 16. Nd5 Nxd5 17. c5 dxc5 18. exd5 cxd4 19. exd4 Qxd4+ 0-1

[Event "Woerishofen sen 2016"]
[Site "Bad Woerishofen"]
[Date "2016.02.26"]
[Round "1.25"]
[White "Walther, Reinhard"]
[Black "Skibbe, Hannes"]
[Result "1-0"]
[WhiteElo "2039"]
[BlackElo "1766"]
[PlyCount "69"]
[EventDate "2016.02.26"]
[EventType "swiss"]
[EventCountry "GER"]
[WhiteTeam "Herzogenaurach SK"]
[BlackTeam "Hessenstein TSV"]
[WhiteTeamCountry "GER"]
[BlackTeamCountry "GER"]

1. d4 e6 2. c4 Nf6 3. Nc3 d5 4. Bg5 Be7 5. e3 O-O 6. Nf3 c6 7. Qc2 h6 8. Bf4
Nbd7 9. h3 dxc4 10. Bxc4 Nd5 11. Bh2 N7b6 12. Bb3 Re8 13. e4 Nf6 14. Rd1 Bb4
15. O-O Bxc3 16. bxc3 a5 17. Qd3 Nh7 18. Bc2 Nf8 19. Ne5 Nbd7 20. Ng4 Nf6 21.
Ne3 b5 22. f4 Bb7 23. e5 Nd5 24. f5 Nxe3 25. Qxe3 Qb6 26. f6 c5 27. fxg7 Kxg7
28. Bf4 Ng6 29. Bxh6+ Kh7 30. Rf6 cxd4 31. Qg5 d3+ 32. Kh2 Be4 33. Bxd3 Bxd3
34. Rxd3 Ra7 35. Rxf7+ 1-0